000 00316nam a22001337a 4500
008 170524b xxu||||| |||| 00| 0 eng d
020 _a9780534929640
041 _aeng
080 _22ND
_a62
100 _a26
101 _aIM
245 _aA FIRST COURSE IN THE FINITE ELEMENT METHOD
_cLOGAN, D.L
942 _2udc
_cBK
999 _c14151
_d14151